Los grandes problemas de la educación en el mundo
Zapisane w:
| 1. autor: | |
|---|---|
| Format: | Książka |
| Język: | hiszpański |
| Wydane: |
Madrid
Anaya
1975
|
| Seria: | Ciencias de la Educación
|
| Hasła przedmiotowe: | |
| Etykiety: |
Dodaj etykietę
Nie ma etykietki, Dołącz pierwszą etykiete!
|
MARC
| LEADER | 00000nam a2200000 a 4500 | ||
|---|---|---|---|
| 001 | UCU0380 | ||
| 003 | CL-VaPUC | ||
| 008 | 960322e19750000SP |||||||||||||||||spa|d | ||
| 082 | 0 | 4 | |a 370.115 |b THO |2 21 |
| 100 | 0 | |a Thomas, Jean |e author |9 355485 | |
| 245 | 1 | 4 | |a Los grandes problemas de la educación en el mundo |
| 300 | |a 160 p | ||
| 942 | |c BK | ||
| 945 | |d 19960322 00:00:00 |a cmena | ||
| 260 | |a Madrid |b Anaya |c 1975 | ||
| 600 | 0 | 7 | |a NACIONES UNIDAS |2 CL-VaPUC |9 255446 |
| 650 | 0 | |a Educación |9 258661 | |
| 650 | 7 | |a EDUCACION INTERNACIONAL |2 CL-VaPUC |9 308760 | |
| 650 | 0 | |a Educación de adultos |9 307580 | |
| 650 | 0 | |a Educación y trabajo |9 332027 | |
| 650 | 0 | |a Educación superior |9 223851 | |
| 650 | 7 | |a EDUCACION COMPARADA |2 CL-VaPUC |9 307694 | |
| 583 | |a last modification |c 19960322 00:00:00 |k Rodrigo Vera | ||
| 490 | 0 | |a Ciencias de la Educación | |
| 999 | |c 245239 |d 245237 | ||
| 952 | |0 0 |1 0 |4 0 |6 370_115000000000000_THO_1975 |7 0 |8 P |9 259693 |a BIBEDU |b BIBEDU |c BIBEDU_PB |d 2019-11-19 |i 1632922 |o 370.115 THO 1975 |p 1632922 |r 2024-01-25 |w 2019-11-19 |y BK |k EDU | ||